000 00877nam a2200289Ia 4500
003 OSt
005 20221006160131.0
006 a|||||r|||| 00| 0
007 ta
008 221006b |||||||| |||| 00| 0 kor d
020 _a9788953912298
_cW15,000
024 _a44,396
037 _bGift, KCC (Window on Korea)
_cTextual
040 _aEASL
_cEASL
_bkor
041 _2kor
_akor
082 _aP495, P6.1
100 _aLanguage Education Institute Seoul National University
_9672046
245 0 _aActive Korean 2
260 _aSeoul
_bHollym
_c2006
300 _a162p. CD - 6
_ccm.
490 _v V.3KL
500 _aAccompanying CD - 6
650 _a KL
650 _aKorean dictionary
_9672047
942 _hP495, P6.1
_cTEXL
_2CC
999 _c1112488
_d1112488